Harry Potter and the Prisoner of Azkaban - Statistics

General Stats
  • This quiz has been taken 454 times
    441 since last reset
  • The average score is 11 of 15
Answer Stats
Hints Answer % Correct
Harry's Godfather Sirius Black
98%
Minister of Magic Cornelius Fudge
96%
New Defense Against The Dark Arts Proffesor Prof. Lupin
95%
Creature that sucks away happiness Dementor
92%
Map which tells you locations of people Marauders Map
87%
Harry's parent's secret keeper Peter Pettigrew
86%
Conductor of the Knight Bus Stan Shunpike
85%
A creature that takes form in anything that scares you Boggart
83%
Harry's Aunt Marjorie Dursley
83%
The creature that comes out of a wand to throw away the dementors Patronus
82%
Harry's new broom Firebolt
80%
Toothless inkeeper of The Leaky Cauldron Tom
66%
Portrait that replaces the Fat Lady Sir Cadogan the Mad Knight
42%
Harry's new Divination teacher Sybill Trelawney
10%
Hermione's Cat Crookshanks
9%
No matching quizzes found
Score Distribution
Percent of People with Each Score
Percentile by Number Answered
Your Score History
You have not taken this quiz since the last reset